UM Logo

Waste management practices of Senior High School Students in UM Digos College / (Record no. 12897)

MARC details
000 -LEADER
fixed length control field 02276nam a22001817a 4500
008 - FIXED-LENGTH DATA ELEMENTS--GENERAL INFORMATION
fixed length control field 190204b ||||| |||| 00| 0 eng d
082 ## - DEWEY DECIMAL CLASSIFICATION NUMBER
Edition number 2018
Classification number UT 1114
Item number M99
100 ## - MAIN ENTRY--PERSONAL NAME
Personal name Muyo, Raignheld Gale H.
9 (RLIN) 36501
245 ## - TITLE STATEMENT
Title Waste management practices of Senior High School Students in UM Digos College /
Statement of responsibility, etc. Raignheld Gale H. Muto, Czarina Anne B. Miano, and Roel M. Taño
260 ## - PUBLICATION, DISTRIBUTION, ETC. (IMPRINT)
Place of publication, distribution, etc. Digos City:
Name of publisher, distributor, etc. UMDC
Date of publication, distribution, etc. November 2018.
300 ## - PHYSICAL DESCRIPTION
Extent 65 pages;
Dimensions 30 cm.
520 ## - SUMMARY, ETC.
Summary, etc. Muyo, R.G., Miano, C.A., & Taño, R. (November 2018). Waste Management Practices of <br/> Senior High School Students in UM Digos College. Digos City: University of Mindanao.<br/><br/>The study aimed to know the waste management practices of Senior High School students in UM Digos College. Specifically, the study sought to describe the level of waste management practices and determine if there is a significant difference in waste management practices between sex, strand and grade level among the respondents. The study used a quantitative non-experimental research design. The one hundred sixty (160) senior high school students were determined using the stratified damping technique. The frequency distribution, mean, t-test and anova were used as a statistical tool to determine the number of male and female participants, their strand and grade level number and to measure the level of waste management practices as well as to determine correlation between waste management practices and their sex, strand and grade level. A survey questionnaire was used as an instrument of the study. The result showed that the waste management practices of the senior high school students in UM Digos College was moderate with a mean of 3.25. Thus, based on the findings, it can be concluded that the respondents manifested the waste management practices sometimes and that there is no significant difference in waste management practices between sex, strand and grade level. <br/><br/>Keywords: Waste Management, Practices, Quantitative, Senior High School Students <br/><br/><br/><br/>Locator: UT 1114/M99/2018<br/>
650 ## - SUBJECT ADDED ENTRY--TOPICAL TERM
Topical term or geographic name as entry element Education
Form subdivision Biological Science
General subdivision Undergraduate thesis.
9 (RLIN) 36502
700 ## - ADDED ENTRY--PERSONAL NAME
Personal name Muyo, Raignheld Gale H.
9 (RLIN) 36503
700 ## - ADDED ENTRY--PERSONAL NAME
Personal name Miano, Czarina Anne B.
9 (RLIN) 36504
700 ## - ADDED ENTRY--PERSONAL NAME
Personal name Taño, Roel M.
9 (RLIN) 36505
942 ## - ADDED ENTRY ELEMENTS (KOHA)
Source of classification or shelving scheme Dewey Decimal Classification
Koha item type Undergraduate Thesis
Holdings
Withdrawn status Lost status Source of classification or shelving scheme Damaged status Not for loan Collection code Home library Current library Date acquired Total Checkouts Full call number Barcode Date last seen Price effective from Koha item type
    Dewey Decimal Classification     Undergraduate Theses UM Digos College - LIC UM Digos College - LIC 01/15/2019   UT 1114 M99 2018 UT1114 02/04/2019 02/04/2019 Undergraduate Thesis